000
00271nam a22001217a 4500
008
170523b xxu||||| |||| 00| 0 eng d
041
_a
eng
080
_a
94
100
_a
16
101
_a
SHH
245
_a
THE NORMAN PODHORETZ READER
_c
JEFFERS.TH.L
942
_2
udc
_c
BK
999
_c
13886
_d
13886